| 000 | 01224nam a2200349 i 4500 | ||
|---|---|---|---|
| 005 | 20220317002029.0 | ||
| 007 | ta | ||
| 008 | 201110s2020 ck a c 00| jdspa d | ||
| 020 | _a9789585586130 | ||
| 040 |
_aCO-BoRNBP _bspa _erda _cCO-BoRNBP |
||
| 041 | 0 | _aspa | |
| 084 | _aC ISA4 | ||
| 100 | 1 |
_aIsaza, Julián _d1979- _eautor |
|
| 245 | 1 | 0 |
_aCámara oscura _cpor Julián Isaza ; ilustraciones Natalia Herrera |
| 264 | 1 |
_aBogotá _bRey Naranjo Editores _c2020 |
|
| 300 |
_a129 páginas _bilustraciones _c22 cm |
||
| 336 |
_2rdacontent _atexto _btxt |
||
| 337 |
_2rdamedia _asin mediación _bn |
||
| 338 |
_2rdacarrier _avolumen _bnc |
||
| 490 | 0 | _aLetras mil | |
| 521 | _aRecomendado para un público mayor de 12 años | ||
| 545 | _aIncluye datos biográficos del autor al final del texto | ||
| 650 | 1 | 7 |
_2LEMB _aCuentos juveniles colombianos _ySiglo XX |
| 650 | 1 | 7 |
_2LEMB _aLiteratura juvenil colombiana _ySiglo XX |
| 650 | 1 | 7 |
_2LEMB _aAutores colombianos _ySiglo XX |
| 650 | 1 | 7 |
_2LEMB _aSuperstición _vCuentos |
| 650 | 1 | 7 |
_2LEMB _aFantasmas _vCuentos |
| 650 | 1 | 7 |
_2LEMB _aViajes interplanetarios _vCuentos |
| 650 | 1 | 7 |
_2LEMB _aAmistad _vCuentos |
| 700 | 1 |
_aHerrera, Natalia _eilustradora _9157938 |
|
| 942 |
_2loc _cBKLIT |
||
| 999 |
_c8949 _d8949 |
||